01091cam a2200277 a 450000100060000000300080000600500170001400800410003102000150007202000180008703500210010503700630012604000230018904100080021208200270022024501470024726000390039430000390043350400510047252000950052365100560061865100380067465100500071270000240076270000270078685689BD-RjUL20250910143624.0020911s2002 bg ab b 101 0 eng  a9840516388 a9789840516384 a(BD-RjUL) 85689 bLibrary of Congress -- New Delhi Overseas OfficecTk595.00 aDLCcDLCdDLCbeng aeng00a337.5492221bTOW 200200aTowards greater sub-regional economic cooperation :blimitation, obstacles, and benefits /cedited by Forrest E. Cookson, A.K.M. Shamsul Alam. aDhaka :bUniversity Press,cc2002. axx, 443 p. :bill., maps ;c22 cm. aIncludes bibliographical references and index. aContributed articles with special reference to Bangladesh presented earlier at a workshop. 0aBangladeshxForeign economic relationsvCongresses. 0aBangladeshxCommercevCongresses. 0aSouth AsiaxEconomic integrationvCongresses.1 aCookson, Forrest E.1 aShamsul Alam, A. K. M.